LEADER 01121nam0-22004091i-450- 001 990007459310403321 005 20140922170400.0 010 $a88-420-3021-X 035 $a000745931 035 $aFED01000745931 035 $a(Aleph)000745931FED01 035 $a000745931 100 $a20140922d1988----km-y0itay50------ba 101 0 $aita 102 $aIT 105 $ay-------001yy 200 1 $aTrieste$f[Elio Apih]$g[con i contributi di Giulio Sapelli, Elvio Guagnini]. 210 $aRoma ; Bari$cLaterza$d1988 215 $a406 p.$d21 cm 225 1 $aStoria e società 225 1 $aStoria delle città italiane 610 0 $aTrieste 676 $a914.539 3 700 1$aApih,$bElio$f<1922-2005>$0133486 702 1$aGuagnini,$bElvio$f<1939- > 702 1$aSapelli,$bGiulio$f<1947- > 801 0$aIT$bUNINA$gRICA$2UNIMARC 901 $aBK 912 $a990007459310403321 952 $aSDI-KS 454$b1054$fSDI 952 $aColl.002(006)$bB.c.3734$fILFGE 952 $a945 LAT.C.6$fFLFBC 959 $aILFGE 959 $aSDI 959 $aFLFBC 996 $aTrieste$9444456 997 $aUNINA LEADER 01312nam--2200397---450- 001 990000518670203316 005 20081203144246.0 010 $a88-464-2850-1 035 $a0051867 035 $aUSA010051867 035 $a(ALEPH)000051867USA01 035 $a0051867 100 $a20010620d2001----km-y0itay0103----ba 101 $aita 102 $aIT 105 $a||||||||001yy 200 1 $aInsegnare l'informatica in azienda$etecniche e metodologie per la formazione all'uso del compter nel mondo del lavoro$fMaurizio Duse 210 $aMilano$cF. Angeli$dcopyr. 2001 215 $a101 p.$d2 cm 225 2 $aFormazione permanente$v84 410 0$12001$aFormazione permanente 461 1$1001-------$12001 606 0 $aElaboratori elettronici$xImpiego nella formazione professionale 676 $a658.40380285 700 1$aDUSE,$bMaurizio$0382666 912 $a990000518670203316 951 $a658.403 DUS 1 (IRA 10 63)$b9338 E.C.$cIRA 10$d00073939 959 $aBK 969 $aECO 979 $aPAOLA$b40$c20010620$lUSA01$h1657 979 $aALESSANDRA$b40$c20010625$lUSA01$h1256 979 $c20020403$lUSA01$h1700 979 $aPATRY$b90$c20040406$lUSA01$h1636 979 $aRSIAV2$b90$c20081203$lUSA01$h1442 996 $aInsegnare l'informatica in azienda$9516637 997 $aUNISA LEADER 02617nas 2200793-a 450 001 996251295603316 005 20230213213019.0 011 $a1461-7420 035 $a(DE-599)ZDB1484290-7 035 $a(OCoLC)41384676 035 $a(CKB)954925616073 035 $a(CONSER)--2005252443 035 $a(EXLCZ)99954925616073 100 $a19990518a19949999 --- - 101 0 $aeng 135 $aurmnu|||||||| 181 $ctxt$2rdacontent 182 $cc$2rdamedia 183 $acr$2rdacarrier 200 10$aEuropean journal of women's studies 210 $aLondon ;$aThousand Oaks $cSage Publications 215 $a1 online resource 300 $aRefereed/Peer-reviewed 300 $aSome issues have thematic titles. 311 $a1350-5068 517 3 $aEJWS 531 $aEUROPEAN JOURNAL OF WOMENS STUDIES 531 $aEUR J WOMENS STUD 531 $aEUROPEAN JOURNAL OF WOMEN'S STUDIES 531 $aEUR. J. WOMENS STUD 606 $aWomen's studies$vPeriodicals 606 $aWomen$zEurope$xSocial conditions$vPeriodicals 606 $aFeminist theory$zEurope$vPeriodicals 606 $aÉtudes sur les femmes$vPériodiques 606 $aFemmes$zEurope$xConditions sociales$vPériodiques 606 $aThéorie féministe$zEurope$vPériodiques 606 $aFeminist theory$2fast$3(OCoLC)fst00922816 606 $aWomen$xSocial conditions$2fast$3(OCoLC)fst01176947 606 $aWomen's studies$2fast$3(OCoLC)fst01178850 606 $aÉtudes féministes$2rasuqam 606 $aFemme$2rasuqam 606 $aCondition sociale$2rasuqam 606 $aFéminisme$2rasuqam 607 $aEurope$2fast 607 $aEurope$2rasuqam 608 $aComputer network resources. 608 $aPeriodicals.$2fast 608 $aPeriodicals.$2lcgft 608 $aPériodique électronique (Descripteur de forme)$2rasuqam 608 $aRessource Internet (Descripteur de forme)$2rasuqam 615 0$aWomen's studies 615 0$aWomen$xSocial conditions 615 0$aFeminist theory 615 6$aÉtudes sur les femmes 615 6$aFemmes$xConditions sociales 615 6$aThéorie féministe 615 7$aFeminist theory. 615 7$aWomen$xSocial conditions. 615 7$aWomen's studies. 615 17$aÉtudes féministes. 615 7$aFemme. 615 7$aCondition sociale. 615 7$aFéminisme. 676 $a305.42094 712 02$aWomen's International Studies Europe (Organization), 906 $aJOURNAL 912 $a996251295603316 996 $aEuropean Journal of Women's Studies$91324785 997 $aUNISA